Umbrales: cambios culturales, desafíos nacionales y juventud: Seminario
El enfoque encara los principales problemas que en la realidad según el autor, tienen más que ver con las ineficiencias e ineficacias de las instituciones responsables del diseño y la implementación de políticas públicas, lo cual no descarta las limitaciones de recursos, ni la mayor o menor voluntad...
Uloženo v:
| Korporativní autor: | |
|---|---|
| Médium: | Text |
| Vydáno: |
Medellín:
Corporación Región
|
| Témata: | |
| Tagy: |
Přidat tag
Žádné tagy, Buďte první, kdo vytvoří štítek k tomuto záznamu!
|
MARC
| LEADER | 00000 a a2200000 04500 | ||
|---|---|---|---|
| 001 | 21997 | ||
| 003 | |||
| 040 | |a CRAI/IIS |c CRAI/IIS | ||
| 090 | |a 146407 | ||
| 110 | |a Corporación Región | ||
| 245 | |a Umbrales: cambios culturales, desafíos nacionales y juventud: Seminario | ||
| 260 | |a Medellín: |b Corporación Región | ||
| 300 | |a 273 p. | ||
| 520 | |a El enfoque encara los principales problemas que en la realidad según el autor, tienen más que ver con las ineficiencias e ineficacias de las instituciones responsables del diseño y la implementación de políticas públicas, lo cual no descarta las limitaciones de recursos, ni la mayor o menor voluntad política. REV/LCL | ||
| 650 | |a JUVENTUD | ||
| 650 | |a POLITICA SOCIAL | ||
| 650 | |a INSTITUCIONES PUBLICAS | ||
| 999 | |c 13030 |d 13030 | ||
